| 000 | 00443nam a22001817a 4500 | ||
|---|---|---|---|
| 003 | NUST - PNEC | ||
| 005 | 20170116181111.0 | ||
| 008 | 151003b xxu||||| |||| 00| 0 eng d | ||
| 020 | _a- | ||
| 040 | _cLIBRARY | ||
| 082 | _a671.2 ROL | ||
| 100 |
_912939 _aRolfe, R. T. |
||
| 245 |
_aA manual of foundry practice for cast iron _cR. T. Rolfe |
||
| 250 | _a3rd ed. | ||
| 260 | _cc.1960 | ||
| 650 |
_912947 _aCast iron _xME |
||
| 942 |
_2ddc _cBK |
||
| 999 |
_c69130 _d69130 |
||